[Event "Tashkent New Year-B"]
[Site "Tashkent"]
[Date "2010.12.27"]
[Round "7"]
[White "Rasulov, Valikhan"]
[Black "Lebedev, Boris1111"]
[Result "1-0"]
[WhiteElo "2137"]
[BlackElo "2169"]
[PlyCount "59"]
[EventDate "2010.12.21"]
[EventType "swiss"]
[EventRounds "9"]
[EventCountry "UZB"]
[SourceTitle "EXT 2013"]
[Source "ChessBase"]
[SourceDate "2012.11.22"]
[SourceVersion "1"]
[SourceVersionDate "2012.11.22"]
[SourceQuality "1"]

1. c4 g6 2. Nc3 c5 3. Nf3 Bg7 4. g3 Nc6 5. Bg2 d6 6. 0-0 Nf6 7. d4 0-0 8. dxc5 dxc5 9. Be3 Be6 10. Rc1 Bxc4 11. Qa4 Ba6 12. Rfd1 Nd7 13. Qh4 Qe8 14. Bh6 Nf6 15. Ng5 Nd4 16. Rxd4 cxd4 17. Nd5 Nh5 18. Bxg7 Kxg7 19. g4 h6 20. gxh5 hxg5 21. Qxd4+ e5 22. Qe3 Rc8 23. Rxc8 Qxc8 24. Qxe5+ f6 25. Qe7+ Kh6 26. Nxf6 Rh8 27. Qf7 Qc1+ 28. Bf1 Qb1 29. Ng4+ Kxh5 30. Qf3 1-0